000 00657nam a2200253Ia 4500
003 OSt
005 20220918222533.0
006 a|||||r|||| 00| 0
007 ta
008 220917b |||||||| |||| 00| 0 eng d
024 _a217,227
037 _cTextual
040 _aARTS
_cARTS
_beng
041 _2eng
_aeng
082 _aW94, M3-;1
100 _aGellner Ernest
_912453
245 0 _aNations and nationalism
260 _aUSA
_bBlackwell publishing
_c2003
300 _aviii, 150p.
_ccm.
500 _aRep. of 1983
650 _aPOLITICAL SCIENCE
942 _hW94, M3-;1
_cTEXL
_2CC
999 _c275817
_d275817